<?xml version="1.0" encoding="UTF-8"?>
<collection xmlns="http://www.loc.gov/MARC21/slim">
 <record>
  <leader>02089naa a2200277 i 4500</leader>
  <controlfield tag="001">acta75357</controlfield>
  <controlfield tag="005">20220419142507.0</controlfield>
  <controlfield tag="008">220419s2012    hu      o     0||   hun d</controlfield>
  <datafield tag="020" ind1=" " ind2=" ">
   <subfield code="a">978 963 9927 56 8</subfield>
  </datafield>
  <datafield tag="022" ind1=" " ind2=" ">
   <subfield code="a">1789-6061</subfield>
  </datafield>
  <datafield tag="040" ind1=" " ind2=" ">
   <subfield code="a">SZTE Egyetemi Kiadványok Repozitórium</subfield>
   <subfield code="b">hun</subfield>
  </datafield>
  <datafield tag="041" ind1=" " ind2=" ">
   <subfield code="a">hun</subfield>
  </datafield>
  <datafield tag="100" ind1="1" ind2=" ">
   <subfield code="a">Polner Bertalan</subfield>
  </datafield>
  <datafield tag="245" ind1="1" ind2="0">
   <subfield code="a">Hatékonyabb készségtanulás hipnózisban</subfield>
   <subfield code="h">[elektronikus dokumentum] /</subfield>
   <subfield code="c"> Polner Bertalan</subfield>
  </datafield>
  <datafield tag="260" ind1=" " ind2=" ">
   <subfield code="a">Szegedi Egyetemi Kiadó, Juhász Gyula Felsőoktatási Kiadó</subfield>
   <subfield code="b">Szeged</subfield>
   <subfield code="c">2012</subfield>
  </datafield>
  <datafield tag="300" ind1=" " ind2=" ">
   <subfield code="a">7-18</subfield>
  </datafield>
  <datafield tag="490" ind1="0" ind2=" ">
   <subfield code="a">Szegedi pszichológiai tanulmányok</subfield>
  </datafield>
  <datafield tag="490" ind1="0" ind2=" ">
   <subfield code="a">Szegedi pszichológiai tanulmányok : 2012</subfield>
  </datafield>
  <datafield tag="520" ind1="3" ind2=" ">
   <subfield code="a">A hipnózis egy módosult tudatállapot, a relaxáció élménye és az automatizmus megtapasztalása jellemzi. Több kognitív funkcióról kimutatták már, hogy hipnózis hatására megváltozik. Azonban igen kevés kutatás helyezte vizsgálatának középpontjába a hipnózis hatását az implicit kognícióra. Az implicit szekvenciatanulás jelentős szerepet játszik a motoros, kognitív és társas készségekben. Ezért fontos kérdés, hogy hogyan lehet fejleszteni az implicit tanulási képességet. Jelen kutatás célja a hipnózis implicit szekvencia-tanulásra tett hatásának feltárása. Kutatásunkban az aSRT feladatot alkalmaztuk az implicit tanulás mérésére, a feladatban az alanyok egy rejtettszekvenciát tanulnak meg, a tanulás tudatosulása nélkül. Eredményeink szerint a hipnózis erősen hipnábilis személyeknél serkenti az implicit tanulást. Kutatásunk rámutat arra, hogy a hipnózis alkalmas lehet a készségtanulás gyorsítására, így hozzájárul a hipnózis és a hipnoterápia hatásmechanizmusainak megértéséhez.</subfield>
  </datafield>
  <datafield tag="650" ind1=" " ind2="4">
   <subfield code="a">Társadalomtudományok</subfield>
  </datafield>
  <datafield tag="650" ind1=" " ind2="4">
   <subfield code="a">Pszichológia</subfield>
  </datafield>
  <datafield tag="695" ind1=" " ind2=" ">
   <subfield code="a">Hipnózis, Tanulás, Pszichológia</subfield>
  </datafield>
  <datafield tag="700" ind1="0" ind2="1">
   <subfield code="a">Németh Dezső</subfield>
   <subfield code="e">aut</subfield>
  </datafield>
  <datafield tag="700" ind1="0" ind2="1">
   <subfield code="a">Janacsek Karolina</subfield>
   <subfield code="e">aut</subfield>
  </datafield>
  <datafield tag="700" ind1="0" ind2="1">
   <subfield code="a">Kovács Zoltán Ambrus</subfield>
   <subfield code="e">aut</subfield>
  </datafield>
  <datafield tag="856" ind1="4" ind2="0">
   <subfield code="u">http://acta.bibl.u-szeged.hu/75357/1/szegedi_pszichologiai_tanulmanyok_2012_007-018.pdf</subfield>
   <subfield code="z">Dokumentum-elérés </subfield>
  </datafield>
 </record>
</collection>
